00717cam a22002411 4500001000800000005001700008008004100025010001700066035001800083040004200101041000800143042001200151080001500163082001500178100000700193101000800200245004700208504003200255906004500287942001200332999001700344952011400361881078320180207032221.0721114s1946 ctuc b 000 0 eng c aa 46005936  a(OCoLC)494059 aYale Univ. LibrarycODaWUdOCoLCdDLC aeng apremarc a320.1 CAS a320.1 CAS1 a50 aSOC14aThe myth of the state,cby Ernst Cassirer. aBibliographical foot-notes. a7bcbccoclcrplduencipf19gy-gencatlg 2ddccBK c41962d41962 00102udc40708PËKGa002b002cPËKGd2018-02-07l0o320.1 CASp002-2999019r2018-02-07w2018-02-07yBK